000 01192cam a2200289 a 4500
001 13517844
003 NUST-PNEC
005 20170116180740.0
008 040310s2003 nyua b 001 0 eng
010 _a 2004270200
020 _a0072224738
040 _aDLC
_cPNEC
_dDLC
050 0 0 _aQA76.9.D3
_bN533 2003
082 0 0 _a005.7565 NIE
_222
100 1 _aNiemiec, Richard J.
245 1 0 _aOracle9i performance tuning tips & techniques /
_cRichard J. Niemiec.
246 3 _aOracle9i performance tuning tips and techniques
260 _aNew York :
_bMcGraw-Hill/Osborne,
_cc2003.
300 _axxxiii, 823 p. :
_bill. ;
_c24 cm.
504 _aIncludes bibliographical references and index.
630 0 0 _aOracle (Computer file)
650 0 _aRelational databases.
_xComputer, MIS
856 4 2 _uhttp://www.amazon.com/Oracle9i-Performance-Tuning-Tips-Techniques/dp/0072224738/ref=sr_1_1?s=books&ie=UTF8&qid=1418329945&sr=1-1&keywords=0072224738&pebp=1418329911328
906 _a7
_bcbc
_corigcop
_d2
_encip
_f20
_gy-gencatlg
942 _2ddc
_cBK
999 _c62149
_d62149